Federal finance in India / (Record no. 38582)

MARC details
000 -LEADER
fixed length control field 00730nam a22002057a 4500
005 - DATE AND TIME OF LATEST TRANSACTION
control field 20100802120829.0
010 ## - LCCN (DPL NO)
LC control number ENG-97688
020 ## - INTERNATIONAL STANDARD BOOK NUMBER
International Standard Book Number 9789380421063
Terms of availability 100.00
035 ## - SYSTEM CONTROL NUMBER
System control number EN-81221
037 ## - SOURCE OF ACQUISITION
Source of stock number/acquisition DBAD/PUB
082 ## - DEWEY DECIMAL CLASSIFICATION NUMBER
Classification number 336.54
100 ## - MAIN ENTRY--PERSONAL NAME
Personal name Kannaki, P.
245 ## - TITLE STATEMENT
Title Federal finance in India /
Statement of responsibility, etc by P. Kannaki
260 ## - PUBLICATION, DISTRIBUTION, ETC. (IMPRINT)
Place of publication, distribution, etc Thanjavur
Name of publisher, distributor, etc Nalankilli Pathippagam
Date of publication, distribution, etc 2009
270 ## - ADDRESS
Address 1271, Sulthanjippa Lane, South Rampart
City Thanjavur
Postal code 613001
300 ## - PHYSICAL DESCRIPTION
Extent 99p.
Dimensions 21cm (pbk)
500 ## - GENERAL NOTE
General note Includes bibliographical reference
942 ## - ADDED ENTRY ELEMENTS (KOHA)
Source of classification or shelving scheme Dewey Decimal Classification
Item type English Books
Classification part 336.54
Call number suffix KAN
Holdings
Withdrawn status Lost status Not for loan Collection code Home library Current library Date acquired Source of acquisition Cost, normal purchase price Full call number Barcode Copy number Cost, replacement price Koha item type
    Not For Loan Non-fiction D.B.Act.Division D.B.Act.Division 02/08/2010 DBAD/PUB 100.00 336.54 KAN EN-81221 1 100.00 English Books

© Delhi Public Library
Hit Counter
free hit counter